000 00798cam a2200277 a 4500
001 4245039
003 OSt
005 20140310182249.0
008 830331s1982 enk 000 0 eng
010 _a 83111713
020 _a0002226901 :
_c£7.50
040 _aDLC
_cDLC
_dDLC
050 0 0 _aPR 6063
_bM163 1982
082 0 0 _aFIC M22p
_b 1982
100 1 _aMacLean, Alistair,
_d1922-1987.
_919800
245 1 0 _aPartisans /
_cAlistair MacLean.
260 _aLondon :
_bCollins,
_c1982.
300 _a224 p. ;
_c22 cm.
521 _aGrade nine to grade twelve
_bLexile
526 _c0L to 1700L
541 _j1
650 0 _aWorld War, 1939-1945
_xFiction.
_919801
655 7 _aWar stories.
_2gsafd
_94878
906 _a7
_bcbc
_corignew
_d2
_encip
_f19
_gy-gencatlg
942 _2lcc
_cFIC
_kFIC
999 _c11322
_d11322